| 000 | 00333nam a22001337a 4500 | ||
|---|---|---|---|
| 082 | _a346.67082MIL. | ||
| 100 | _aAlan Milner. | ||
| 245 | _aModern African banking cases. | ||
| 260 |
_aOxford. _bThe African law reports. _c1973. |
||
| 300 |
_axx, 440p. _b23cm. |
||
| 500 | _aIncludes index. | ||
| 700 | _aSusan Abrahams. | ||
| 942 | _cBK | ||
| 999 |
_c16980 _d16980 |
||